000 00774nam a2200217 a 4500
001 47735
003 BD-RjUL
005 20211209054401.0
008 160810s2011 bg ||||| |||| 00| 0 ben d
035 _a(BD-RjUL)47854
040 _aBD-RjUL
_bben
_cBD-RjUL
041 _aben
082 _223
_aB 398.2
_bHOL 2011
100 _aহোসেন, আখতার
_9144986
245 _aলালন সঙ্গীতে আধ্যাত্নিক চেতনা /
_cআখতার হোসেন
260 _aঢাকা :
_bসুচয়নী পাবলিশার্স,
_c২০১১.
300 _a২৭১ পৃ. ;
_c২২ সেমি.
650 _aলোক সাহিত্য
_9144987
650 _aFolk Literature
_9144988
942 _2ddc
_cBK
_01
999 _c47735
_d47735